Science Quiz

Random Science or Anatomy Quiz

Body System Blitz Quiz Stats

 Plays Quiz Updated Sep 29, 2016

Challenge
Share
Tweet
Score 0/6 Timer 00:30
12 Plays Today
% Correct
Digestive System
95.2%
Skeletal System
95.1%
Respiratory System
94.2%
Muscular System
94.2%
Circulatory System
93.7%
Nervous System
85.8%

You're not logged in!

Compare scores with friends on all Sporcle quizzes.
OR
Log In

You Might Also Like...

Show Comments

Extras

Top Quizzes Today


Score Distribution

Your Account Isn't Verified!

In order to create a playlist on Sporcle, you need to verify the email address you used during registration. Go to your Sporcle Settings to finish the process.

Report this User

Report this user for behavior that violates our Community Guidelines.

Details: